[Event "Bremen-ch op"]
[White "Rockmann Buchterkirche, Claas"]
[Black "Seeger, Ernst"]
[Site "Bremen"]
[Round "3"]
[Result "1/2-1/2"]
[Date "2014.04.15"]
[WhiteElo "1717"]
[BlackElo "1677"]
[PlyCount "58"]
[EventDate "2014.04.14"]
[EventType "swiss"]
[EventRounds "9"]
[EventCountry "GER"]
[SourceTitle "EXT 2018"]
[Source "ChessBase"]
[SourceDate "2017.10.13"]
[SourceVersion "1"]
[SourceVersionDate "2017.10.13"]
[SourceQuality "1"]

1. e4 d5 2. exd5 Qxd5 3. Nc3 Qa5 4. d4 c6 5. Bd3 Nf6 6. Bd2 Qc7 7. Nge2 e6 8. Nf4 Bd6 9. g3 0-0 10. Nh5 Nxh5 11. Qxh5 f5 12. 0-0-0 Qf7 13. Qh3 b5 14. g4 a5 15. gxf5 exf5 16. Rhg1 b4 17. Bh6 g6 18. Bxf8 bxc3 19. Bxd6 cxb2+ 20. Kxb2 Qd5 21. Be5 Ra7 22. Bxf5 Rb7+ 23. Kc1 Bxf5 24. Qxf5 Rf7 25. Qc8+ Rf8 26. Qc7 Nd7 27. Qd6 Qxa2 28. Qxd7 Qa3+ 29. Kb1 Qb4+ 1/2-1/2